[Event "EU-chT Seniors 02nd"]
[Site "Dresden"]
[Date "2000.03.03"]
[Round "3.4"]
[White "Haslinger, Thomas"]
[Black "Mann, Dieter"]
[Result "0-1"]
[WhiteElo "1671"]
[BlackElo "1852"]
[PlyCount "66"]
[EventDate "2000.03.01"]
[EventType "team-swiss"]
[EventRounds "7"]
[EventCountry "GER"]
[SourceTitle "EXT 2005"]
[Source "ChessBase"]
[SourceDate "2004.11.15"]
[SourceVersion "1"]
[SourceVersionDate "2004.11.15"]
[SourceQuality "1"]

1. b4 Nf6 2. Bb2 e6 3. b5 d5 4. e3 a6 5. Nf3 axb5 6. Bxb5+ Bd7 7. Be2 Be7 8. 0-0 0-0 9. c4 c5 10. d4 Ba4 11. Qd3 Nc6 12. Ba3 dxc4 13. Qxc4 b5 14. Qc1 c4 15. Bxe7 Qxe7 16. Nc3 Nd5 17. Nxd5 exd5 18. Nd2 b4 19. Nb3 cxb3 20. axb3 Nxd4 21. Qb2 Nxe2+ 22. Qxe2 Bxb3 23. Qb2 Bc4 24. Rfb1 b3 25. Qd4 Ra2 26. f3 Rfa8 27. e4 Rxa1 28. Rxa1 Rxa1+ 29. Qxa1 Qc5+ 30. Kh1 h6 31. g3 dxe4 32. Qa8+ Kh7 33. Qxe4+ g6 0-1